000 00321nam a22001457a 4500
020 _a9788176221160
041 _aENG
100 _aMorris. T,N
245 _aPrinciples Of Fruit Preservation
250 _a3rd Ed
260 _aDelhi
_bBiotech Books
_c2004
300 _a206
650 _aAPE
856 _uAPE ( 02 )
999 _c1631
_d1631